| 000 | 00606nam a2200181 i 4500 | ||
|---|---|---|---|
| 001 | 61048 | ||
| 003 | ES-MaACL | ||
| 005 | 20230906164345.0 | ||
| 007 | t| | ||
| 008 | 031110s1926 sp ||||1| spa d | ||
| 100 | 1 |
_aEstalella Graells, José ( _d1879-1938) _948004 |
|
| 245 | 1 | 0 |
_aAlgunas consideraciones sobre la formación del granizo / _cpor José Estalella. |
| 260 |
_a[Madrid : _bs.n.], _c1926. |
||
| 300 |
_a4 h. : _bil. ; _c22 cm. |
||
| 500 | _aEs separata de: Anales de la Sociedad Española de Física y Química. T. XXIV, p. 251. | ||
| 650 | 4 |
_aGranizo. _9159426 |
|
| 852 |
_aES-MaACL _j1704-F-17 |
||
| 999 |
_c61048 _d61048 |
||